Najpopularniejsze utwory Kiza. - Statystyki

Ogólne statystyki
  • Ten quiz został rozwiązany 45 razy
  • Średni wynik to 6 z 15
Statystyki odpowiedzi
Wyświetlenia Gość Utwór % Poprawnych
11 mln Wac Toja Nasze Lato
69%
31 mln Malik Montana Czempion
67%
18 mln Trill Pem Fitness
64%
28 mln Wac Toja Lucky Punch
56%
11 mln Paris Platynov i Kaz Bałagane Mr. Gino
49%
27 mln Tymek Życie jest piękne
47%
11 mln Young Igi Driftem
44%
16 mln Borixon i Reto Cichociemni
42%
12 mln Art
38%
14 mln Qry Toskania
38%
13 mln Major SPZ Tryb Komfort
33%
10 mln Szpaku i Jano Polska Wersja Artysta z blizną
27%
8 mln Bonus RPK Heavyweight
20%
12 mln Miasto 24H
13%
8 mln Espresso
11%
Nie znaleziono quizów pasujących do podanych kryteriów
Rozkład punktacji
Procent ludzi z każdym wynikiem
Percentyl według liczby udzielonych odpowiedzi
Twoja historia wyników
Nie rozwiązałeś tego quizu